I am the mummy Heb-Nefert / (Record no. 337246)
[ view plain ]
| 000 -LEADER | |
|---|---|
| fixed length control field | 00435nam a2200169Ia 4500 |
| 008 - FIXED-LENGTH DATA ELEMENTS--GENERAL INFORMATION | |
| fixed length control field | 170705s9999 xx 000 0 und d |
| 020 ## - INTERNATIONAL STANDARD BOOK NUMBER | |
| International Standard Book Number | 9780030920974 |
| 245 ## - TITLE STATEMENT | |
| Title | I am the mummy Heb-Nefert / |
| 245 ## - TITLE STATEMENT | |
| Statement of responsibility, etc | by Eve Bunting ; illustrated by David Christiana. |
| 260 ## - PUBLICATION, DISTRIBUTION, ETC. (IMPRINT) | |
| Place of publication, distribution, etc | San Diego : |
| 260 ## - PUBLICATION, DISTRIBUTION, ETC. (IMPRINT) | |
| Name of publisher, distributor, etc | Harcourt Inc., |
| 260 ## - PUBLICATION, DISTRIBUTION, ETC. (IMPRINT) | |
| Date of publication, distribution, etc | 1997 |
| 300 ## - PHYSICAL DESCRIPTION | |
| Extent | unpaged : |
| 300 ## - PHYSICAL DESCRIPTION | |
| Other physical details | color illustration ; |
| 300 ## - PHYSICAL DESCRIPTION | |
| Dimensions | 28cm. |
| 500 ## - GENERAL NOTE | |
| General note | 670 |
No items available.